000 00270nam a2200097Ia 4500
001 1144420
005 20250827010214.0
008 250824s9999 xx 000 0 und d
245 0 _aHİÇBİR KARŞILAŞMA TESADÜF DEĞİLDİR
_cHAKAN MENGÜÇ
260 _bDESTEK YAYINLARI
999 _c1144420
_d1144420